000 01044 a2200241 4500
003 OSt
005 20180116182822.0
008 170807b xxu||||| |||| 00| 0 eng d
020 _a0077092961 (hardcover)
020 _a9780077092962 (hardcover)
040 _c0
082 0 4 _a005.74 BRO 1996
100 1 _aTony Brooker.
245 1 0 _aDataplan :
_bA Databased Language
_cTony Brooker.
260 _a[S.l.] :
_bMcgraw Hill Book Co Ltd,
_c1996.
300 _a372p.
_bHB
440 _aDataplan :
490 1 _aAdvanced topics in computer science series.
520 _aIn a conventional DBMS, some tasks are undertaken by a data definition language (DDL), some by data manipulation language (DML) and the remainder by a host programming language. This book argues that it is possible to use a single-programming language for all these purposes.
830 0 _aAdvanced topics in computer science series.
856 4 0 _3Amazon.com
_uhttp://www.amazon.com/exec/obidos/ASIN/0077092961/chopaconline-20
942 _aNBS
_cBK
_k005.74 BRO 1996
_2ddc
999 _c346586
_d346586